Lies of P: All Bosses & Mini-Bosses - Statistics

General Stats
  • This quiz has been taken 243 times
  • The average score is 17 of 27
Answer Stats
Bosses % Correct
Nameless Puppet
87%
Romeo, King of Puppets
85%
Eldest of the Black Rabbit Brotherhood
79%
Laxasia the Complete
79%
Parade Master
79%
Youngest of the Black Rabbit Brotherhood
79%
Battle Maniac of the Black Rabbit Brotherhood
78%
Eccentric of the Black Rabbit Brotherhood
77%
King's Flame, Fuoco
75%
Champion Victor
74%
Simon Manus, Awakened God
74%
Mad Donkey
70%
Scrapped Watchman
65%
Fallen Archbishop Andreus
63%
Green Monster of the Swamp
60%
Survivor
59%
Black Cat
57%
Corrupted Parade Master
57%
Puppet of the Future
55%
Red Fox
54%
White Lady
50%
Owl Doctor
47%
Door Guardian
45%
Mad Clown Puppet
45%
The Atoned
42%
Robber Weasel
38%
Walker of Illusions
37%
No matching quizzes found
Score Distribution
Percent of People with Each Score
Percentile by Number Answered
Your Score History
You have not taken this quiz